| 000 | 00674nam a2200157 a 4500 | ||
|---|---|---|---|
| 008 | 120416s1971 ||||||||||||||||| || u | ||
| 020 | _a0713132485 | ||
| 050 | _aTJ 1160 Gre | ||
| 100 | _aGreer, Alex | ||
| 245 | 1 | 0 | _aMechanical engineering craft studies, part 2 |
| 260 |
_aLondon _bEdward Arnold _c1971 |
||
| 300 | _avi, 224p. : ill. | ||
| 350 | _a0.00 | ||
| 995 |
_aMAIN LIBRARY OPEN ACCESS _D0.00 _e716853 _FCBU-MAIN LIBRARY (Kitwe) _H2 _I3.80 _jTJ 1160 Gre _M1 _UAVAILABLE _y016041 _ZMain Library Open Access Collection |
||
| 995 |
_aMAIN LIBRARY OPEN ACCESS _D0.00 _e716460 _FCBU-MAIN LIBRARY (Kitwe) _H1 _I3.80 _jTJ 1160 Gre _M2 _UAVAILABLE _y016042 _ZMain Library Open Access Collection |
||
| 999 |
_c82816 _d82816 |
||